Music Quiz

Random Music Quiz
Score 0/300 Timer 13:00
0 Plays Today
lyrics % Correct
to
84.2%
we
84.2%
and
84.2%
And
84.2%
to
84.2%
be
84.2%
you
84.2%
and
84.2%
you
84.2%
to
84.2%
be
84.2%
me
84.2%
the
84.2%
my
84.2%
me
84.2%
You
84.2%
the
84.2%
and
84.2%
we
84.2%
to
84.2%
you
84.2%
my
84.2%
the
84.2%
the
84.2%
you
84.2%
me
84.2%
the
84.2%
the
84.2%
to
84.2%
and
84.2%
the
84.2%
we
84.2%
we
84.2%
you
84.2%
we
84.2%
and
84.2%
the
84.2%
and
84.2%
to
84.2%
we
84.2%
on
84.2%
to
84.2%
the
84.2%
you
84.2%
you
84.2%
a
84.2%
you
84.2%
you
84.2%
and
84.2%
we
84.2%
the
84.2%
we
84.2%
the
84.2%
and
84.2%
we
84.2%
we
84.2%
the
84.2%
you
84.2%
a
84.2%
you
84.2%
you
84.2%
the
84.2%
you
84.2%
the
84.2%
and
84.2%
we
84.2%
to
84.2%
an
78.9%
youre
78.9%
I'm
78.9%
I'm
78.9%
I'm
78.9%
im
78.9%
im
78.9%
i'm
78.9%
78.9%
78.9%
youre
78.9%
i'm
78.9%
78.9%
one
73.7%
again
73.7%
but
73.7%
we're
73.7%
just
73.7%
friends
73.7%
We're
73.7%
eye
73.7%
eye
73.7%
but
73.7%
dont
73.7%
know
73.7%
just
73.7%
with
73.7%
with
73.7%
But
73.7%
heart
73.7%
at
73.7%
know
73.7%
that
73.7%
lyrics % Correct
that
73.7%
with
73.7%
but
73.7%
for
73.7%
we're
73.7%
just
73.7%
again
73.7%
in
73.7%
make
73.7%
it
73.7%
that
73.7%
in
73.7%
dont
73.7%
in
73.7%
at
73.7%
know
73.7%
that
73.7%
that
73.7%
it
73.7%
in
73.7%
dont
73.7%
again
73.7%
again
73.7%
again
73.7%
know
73.7%
that
73.7%
that
73.7%
with
73.7%
but
73.7%
for
73.7%
we're
73.7%
just
73.7%
Step
68.4%
argument
68.4%
still
68.4%
why
68.4%
so
68.4%
cant
68.4%
should
68.4%
something
68.4%
hold
68.4%
will
68.4%
come
68.4%
every
68.4%
time
68.4%
come
68.4%
around
68.4%
can't
68.4%
so
68.4%
time
68.4%
so
68.4%
hold
68.4%
come
68.4%
around
68.4%
every
68.4%
come
68.4%
do
68.4%
so
68.4%
every
68.4%
should
68.4%
something
68.4%
hold
68.4%
will
68.4%
come
68.4%
way
63.2%
begins
63.2%
everything
63.2%
comes
63.2%
goes
63.2%
when
63.2%
really
63.2%
want
63.2%
really
63.2%
want
63.2%
feels
63.2%
when
63.2%
right
63.2%
when
63.2%
left
63.2%
nothing
63.2%
back
63.2%
each
63.2%
other
63.2%
now
63.2%
not
63.2%
right
63.2%
lying
63.2%
see
63.2%
we'll
63.2%
tomorrow
63.2%
want
63.2%
when
63.2%
when
63.2%
back
63.2%
see
63.2%
lying
63.2%
lying
63.2%
lying
63.2%
when
63.2%
left
63.2%
lyrics % Correct
nothing
63.2%
back
63.2%
each
63.2%
other
63.2%
now
63.2%
not
63.2%
right
63.2%
I
57.9%
badly
57.9%
I
57.9%
control
57.9%
she
57.9%
looks
57.9%
I
57.9%
onto
57.9%
here
57.9%
knees
57.9%
its
57.9%
all
57.9%
same
57.9%
sorrow
57.9%
hope
57.9%
never
57.9%
fall
57.9%
apart
57.9%
hope
57.9%
never
57.9%
fall
57.9%
apart
57.9%
I
57.9%
I
57.9%
I
57.9%
same
57.9%
I
57.9%
I
57.9%
I
57.9%
I
57.9%
I
57.9%
onto
57.9%
hit
52.6%
ground
52.6%
past
52.6%
say
52.6%
Had
47.4%
watch
47.4%
window
47.4%
thing
47.4%
wanna
47.4%
stay
47.4%
tight
47.4%
babe
47.4%
always
47.4%
thing
47.4%
forever
47.4%
eventually
42.1%
end
42.1%
talk
42.1%
words
42.1%
have
42.1%
i'd
42.1%
what
42.1%
read
42.1%
between
42.1%
eventually
42.1%
sit
36.8%
bedroom
36.8%
once
36.8%
while
36.8%
bedroom
36.8%
laugh
36.8%
cause
36.8%
gone
36.8%
saying
36.8%
poetically
36.8%
lines
36.8%
fight
31.6%
think
31.6%
of
31.6%
out
31.6%
through
31.6%
if
31.6%
write
31.6%
found
31.6%
hopes
31.6%
mean
31.6%
yeah
26.3%
roll
26.3%
beach
26.3%
door
26.3%
verse
26.3%
clever
26.3%
leave
21.1%
sneak
21.1%
who'd
21.1%
we'd
15.8%
with'me'and'its
10.5%
chorus
10.5%
i'm lying again
10.5%
chorus
10.5%
im lying again
10.5%
Remove Ads.
Support Sporcle.
Get the best of Sporcle when you Go Orange. This ad-free experience offers more features, more stats, and more fun while also helping to support Sporcle. Thank you for becoming a member.

You're not logged in!

Compare scores with friends on all Sporcle quizzes.
OR
Log In

Show Comments

Extras

Created Oct 29, 2013ReportNominate
Tags:Drive, Quiet

Top Quizzes Today


Score Distribution

Your Account Isn't Verified!

In order to create a playlist on Sporcle, you need to verify the email address you used during registration. Go to your Sporcle Settings to finish the process.

Report this User

Report this user for behavior that violates our Community Guidelines.

Details: